[Event "ESTCC U65 2018"]
[Site "Walbrzych"]
[Date "2018.04.20"]
[Round "7"]
[White "Auvinen, Esa"]
[Black "Kauko, Pekka"]
[Result "1-0"]
[WhiteElo "1888"]
[BlackElo "1961"]
[Annotator "NA"]
[PlyCount "89"]
[EventDate "2018.??.??"]
[EventCountry "POL"]
[SourceTitle "playchess.com"]
[Source "ChessBase"]
[SourceQuality "1"]
[WhiteTeam "Finland"]
[BlackTeam "Finland"]
[WhiteTeamCountry "FIN"]
[BlackTeamCountry "FIN"]
[TimeControl "40/5400+30:1800+30"]

1. e4 {[%emt 0:00:00]} c6 {[%emt 0:00:06]} 2. d4 {[%emt 0:00:00]} d5 {[%emt 0:00:02]} 3. exd5 {[%emt 0:00:07]} cxd5 {[%emt 0:00:03]} 4. c4 {[%emt 0:00:09]} Nf6 {[%emt 0:00:52]} 5. Nc3 {[%emt 0:00:28]} e6 {[%emt 0:00:12]} 6. Nf3 {[%emt 0:00:37]} Be7 {[%emt 0:00:35]} 7. Bd3 {[%emt 0:00:24]} O-O {[%emt 0:00:33]} 8. O-O {[%emt 0:00:21]} a6 {[%emt 0:00:31] B14: Caro-Kann: Panov-Botvinnik Attack with 5...e6 and 5...g6} (8... dxc4 9. Bxc4 Nc6 10. a3 a6 11. Re1 b5 12. Ba2 Bb7 13. Bg5 h6 14. Bh4 Rc8 15. Rc1 Nd5 16. Bg3 Nxc3 17. Rxc3 Na5 18. Rxc8 Qxc8 19. Ne5 Nc6 20. Nxf7 Rxf7 21. Bxe6 {1-0 (37) Rakhmanov,A (2653)-Omar,N (2364) Riadh 2017}) 9. c5 {[%emt 0:04:45]} b6 {[%emt 0:07:16]} 10. cxb6 {[%emt 0:00:14]} Qxb6 {[%emt 0:00:31]} 11. a3 $146 {[%emt 0:07:59]} ({Predecessor:} 11. Na4 Qd6 12. Bd2 Bd7 13. Nc5 {0-1 (52) Hoermann,G (2091)-Laibold,L (1854) Nuremberg 2008}) 11... a5 {[%emt 0:02:50]} 12. Ne5 {[%emt 0:05:09]} Ba6 {[%emt 0:01:25]} 13. a4 {[%emt 0:04:42]} Bxd3 {[%emt 0:02:16]} 14. Qxd3 {[%emt 0:00:25]} Nc6 {[%emt 0:03:45]} 15. Nxc6 {[%emt 0:00:15]} Qxc6 {[%emt 0:00:07]} 16. Nb5 {[%emt 0:02:17]} Rfc8 {[%emt 0:00:54]} 17. Bg5 {[%emt 0:06:09]} Qc2 {[%emt 0:02:34]} 18. Qxc2 {[%emt 0:01:44]} Rxc2 {[%emt 0:00:19]} 19. b3 {[%emt 0:01:56]} h6 {[%emt 0:00:53]} 20. Bf4 {[%emt 0:05:43]} g5 {[%emt 0:09:21]} 21. Bc7 {[%emt 0:00:55]} Ne8 $17 {[%emt 0:06:03]} 22. Rfc1 {[%emt 0:05:16]} Rxc1+ {[%emt 0:00:28]} 23. Rxc1 {[%emt 0:00:01]} Rc8 {[%emt 0:00:10]} 24. Rc3 {[%emt 0:01:15]} Bb4 {[%emt 0:01:26]} 25. Rc6 {[%emt 0:02:16]} f6 {[%emt 0:00:32]} 26. Kf1 {[%emt 0:01:04]} Kf8 {[%emt 0:00:43]} 27. Rxe6 {[%emt 0:07:29]} Kf7 {[%emt 0:00:19]} 28. Rc6 {[%emt 0:00:12]} Ke7 {[%emt 0:01:58]} 29. Bxa5 {[%emt 0:00:27]} Rxc6 {[%emt 0:00:39]} 30. Bxb4+ {[%emt 0:00:07]} Kd7 {[%emt 0:00:31]} 31. Bc5 {[%emt 0:01:03]} Nc7 {[%emt 0:01:18]} 32. Nxc7 {[%emt 0:00:18]} Kxc7 {[%emt 0:00:41]} 33. Ke2 {[%emt 0:01:48]} f5 {[%emt 0:00:50]} 34. b4 {[%emt 0:00:26]} Re6+ {[%emt 0:00:22]} 35. Kd2 {[%emt 0:00:16]} h5 {[%emt 0:00:34]} 36. b5 {[%emt 0:00:57]} f4 {[%emt 0:03:22]} 37. a5 {[%emt 0:02:38]} g4 {[%emt 0:01:00]} 38. a6 {[%emt 0:00:43]} f3 {[%emt 0:00:20]} 39. gxf3 {[%emt 0:00:40]} gxf3 {[%emt 0:00:02]} 40. b6+ {[%emt 0:00:00]} Kb8 {[%emt 0:07:54]} 41. Kd3 {[%emt 0:02:23]} h4 {[%emt 0:01:11]} 42. h3 {[%emt 0:00:25]} Kc8 {[%emt 0:00:46]} 43. Kc3 {[%emt 0:00:53]} Kd7 {[%emt 0:01:49]} 44. a7 {[%emt 0:02:04]} Re8 {[%emt 0:01:03]} 45. b7 1-0

[Event "ESTCC U65 2018"]
[Site "Walbrzych"]
[Date "2018.04.20"]
[Round "7"]
[White "Fitzke, Ulrich"]
[Black "Dalling, Peter"]
[Result "1-0"]
[WhiteElo "1827"]
[BlackElo "1844"]
[Annotator "NA"]
[PlyCount "143"]
[EventDate "2018.??.??"]
[EventCountry "POL"]
[SourceTitle "playchess.com"]
[Source "ChessBase"]
[SourceQuality "1"]
[WhiteTeam "Germany"]
[BlackTeam "Sweden"]
[WhiteTeamCountry "GER"]
[BlackTeamCountry "SWE"]
[TimeControl "40/5400+30:1800+30"]

1. d4 {[%emt 0:00:00]} Nf6 {[%emt 0:00:11]} 2. c4 {[%emt 0:00:08]} e5 {[%emt 0:00:05]} 3. dxe5 {[%emt 0:01:58]} Ng4 {[%emt 0:00:08]} 4. Nf3 {[%emt 0:00:49]} Nc6 {[%emt 0:00:06]} 5. Nc3 {[%emt 0:01:08]} Ngxe5 {[%emt 0:01:13]} 6. Nxe5 {[%emt 0:01:51]} Nxe5 {[%emt 0:00:08]} 7. e3 {[%emt 0:00:33] A52: Budapest Gambit} d6 {[%emt 0:02:06]} (7... Bb4 8. Bd2 c6 9. Be2 O-O 10. O-O Re8 11. f4 Ng6 12. f5 Ne5 13. f6 g6 14. Qe1 d5 15. cxd5 cxd5 {1-0 (34) Fedoseev,V (2665)-Savchenko,B (2613) Sochi 2016}) 8. Be2 {[%emt 0:00:55]} Be6 {[%emt 0:02:15]} 9. b3 {[%emt 0:00:31]} Be7 {[%emt 0:03:19]} 10. O-O {[%emt 0:01:00]} O-O {[%emt 0:00:13]} 11. Bb2 $146 {[%emt 0:00:26]} ({Predecessor:} 11. f4 Nc6 12. Bb2 Qd7 13. Bf3 f5 {1-0 (43) Andersen,N (1948)-Kjaer,J (1937) Copenhagen 2012}) 11... Qd7 {[%emt 0:05:36]} 12. Nd5 {[%emt 0:01:28]} Rad8 {[%emt 0:02:57]} 13. Qd2 {[%emt 0:02:33]} Rfe8 {[%emt 0:08:15]} 14. Rfd1 {[%emt 0:02:47]} Bxd5 {[%emt 0:03:43]} 15. Qxd5 {[%emt 0:03:25]} c6 {[%emt 0:03:06]} 16. Qd2 {[%emt 0:00:55]} Qf5 {[%emt 0:06:51]} 17. Bd3 {[%emt 0:03:45]} ({White should play} 17. Qd4 $16) 17... Qg4 {[%emt 0:02:11]} 18. Qe2 {[%emt 0:01:29]} Qh4 {[%emt 0:04:53]} 19. Rd2 {[%emt 0:02:52]} Bf6 {[%emt 0:04:47]} 20. Rad1 {[%emt 0:02:44]} Ng4 {[%emt 0:04:00]} 21. h3 {[%emt 0:00:59]} Ne5 {[%emt 0:02:58]} 22. Bb1 {[%emt 0:00:56]} Be7 {[%emt 0:02:08]} 23. c5 {[%emt 0:02:09]} Nd7 {[%emt 0:04:24]} 24. cxd6 {[%emt 0:01:22]} Bf8 {[%emt 0:00:21]} 25. Rd4 {[%emt 0:02:11]} Qh6 {[%emt 0:01:35]} 26. g3 {[%emt 0:08:11]} Qg5 {[%emt 0:05:02]} 27. h4 {[%emt 0:05:24]} Qh6 {[%emt 0:01:24]} 28. Ba3 {[%emt 0:03:43]} Re6 {[%emt 0:02:14]} 29. Bf5 {[%emt 0:02:49]} Ree8 {[%emt 0:01:15]} 30. Qg4 {[%emt 0:06:10]} Nf6 {[%emt 0:00:51]} 31. Qh3 {[%emt 0:01:01]} Nd5 {[%emt 0:03:28]} 32. d7 {[%emt 0:01:46]} Re5 {[%emt 0:01:00]} 33. Bxf8 {[%emt 0:01:24]} Kxf8 {[%emt 0:01:37]} 34. g4 {[%emt 0:01:08]} Qf6 {[%emt 0:02:15]} 35. Bd3 {[%emt 0:08:00]} Qe7 {[%emt 0:02:00]} 36. Bc4 {[%emt 0:01:58]} Nc3 {[%emt 0:01:12]} 37. R1d2 {[%emt 0:02:06]} Ne4 {[%emt 0:00:32]} 38. R2d3 {[%emt 0:01:54]} Nc5 {[%emt 0:00:47]} 39. Rd1 {[%emt 0:00:52]} Ne4 {[%emt 0:00:10]} 40. g5 {[%emt 0:00:00]} Nc3 {[%emt 0:00:49]} 41. Ra1 {[%emt 0:02:29]} b5 {[%emt 0:02:50]} 42. Bf1 {[%emt 0:00:38]} Nd5 {[%emt 0:02:14]} 43. Rc1 {[%emt 0:01:55]} Re6 {[%emt 0:02:50]} 44. Bxb5 {[%emt 0:01:40]} Nxe3 {[%emt 0:01:49]} 45. Rxc6 {[%emt 0:02:37]} Rxc6 {[%emt 0:00:19]} 46. Bxc6 {[%emt 0:00:54]} Qc5 {[%emt 0:02:30]} 47. Qxe3 {[%emt 0:02:36]} Qxc6 {[%emt 0:00:08]} 48. Qd3 {[%emt 0:03:17]} g6 {[%emt 0:00:57]} 49. Rd5 {[%emt 0:02:03]} Qc1+ {[%emt 0:00:38]} 50. Kg2 {[%emt 0:00:36]} Qc6 {[%emt 0:00:17]} 51. Kg3 {[%emt 0:01:10]} Qc7+ {[%emt 0:00:30]} 52. f4 {[%emt 0:00:32]} Qc1 $18 {[%emt 0:00:58]} 53. Qd4 {[%emt 0:03:51]} Qe1+ {[%emt 0:02:57]} 54. Kf3 {[%emt 0:00:51]} Qh1+ {[%emt 0:00:25]} 55. Ke2 {[%emt 0:01:06]} Qg2+ {[%emt 0:01:13]} 56. Kd3 {[%emt 0:01:09]} Qf1+ {[%emt 0:01:53]} 57. Kc3 {[%emt 0:01:45]} Qe1+ {[%emt 0:00:38]} 58. Kc4 {[%emt 0:01:36]} Qc1+ {[%emt 0:00:37]} 59. Kb4 {[%emt 0:03:30]} Rb8+ {[%emt 0:01:36]} 60. Ka4 {[%emt 0:02:26]} Qc6+ 61. Ka3 Qa6+ {[%emt 0:07:31]} 62. Qa4 {[%emt 0:01:40]} Qb6 {[%emt 0:00:06]} 63. Qa5 {[%emt 0:01:43]} Ke7 {[%emt 0:02:12]} 64. Qxb6 {[%emt 0:01:46]} axb6 {[%emt 0:00:06]} 65. d8=Q+ {[%emt 0:00:45]} Rxd8 {[%emt 0:00:06]} 66. Rxd8 {[%emt 0:00:21]} Kxd8 {[%emt 0:00:01]} 67. Kb4 {[%emt 0:00:09]} Kc7 {[%emt 0:00:17]} 68. Kb5 {[%emt 0:00:14]} Kb7 {[%emt 0:00:05]} 69. b4 {[%emt 0:00:27]} Kc7 {[%emt 0:00:06]} 70. Kc4 {[%emt 0:00:22]} Kc6 {[%emt 0:00:09]} 71. a4 {[%emt 0:00:27]} Kc7 {[%emt 0:00:48]} 72. Kd5 {[%emt 0:00:17]} 1-0

[Event "ESTCC U65 2018"]
[Site "Walbrzych"]
[Date "2018.04.20"]
[Round "7"]
[White "Andersson, Kenneth"]
[Black "Fernengel, Rudolf"]
[Result "0-1"]
[WhiteElo "1763"]
[BlackElo "1789"]
[Annotator "NA"]
[PlyCount "48"]
[EventDate "2018.??.??"]
[EventCountry "POL"]
[SourceTitle "playchess.com"]
[Source "ChessBase"]
[SourceQuality "1"]
[WhiteTeam "Sweden"]
[BlackTeam "Germany"]
[WhiteTeamCountry "SWE"]
[BlackTeamCountry "GER"]
[TimeControl "40/5400+30:1800+30"]

1. Nf3 {[%emt 0:00:00]} Nf6 {[%emt 0:00:06]} 2. d4 {[%emt 0:00:00]} e6 {[%emt 0:00:31]} 3. g3 {[%emt 0:00:11]} d5 {[%emt 0:00:43]} 4. Bg2 {[%emt 0:00:19]} Nbd7 {[%emt 0:01:07]} 5. Nc3 {[%emt 0:01:26]} Bb4 {[%emt 0:00:48]} 6. O-O {[%emt 0:00:25]} O-O {[%emt 0:00:29]} 7. Bd2 {[%emt 0:04:09]} c6 {[%emt 0:05:29]} 8. Re1 {[%emt 0:02:53]} Re8 {[%emt 0:06:48]} 9. a3 {[%emt 0:02:53]} Ba5 {[%emt 0:01:13]} 10. b4 {[%emt 0:01:07]} Bc7 {[%emt 0:00:42]} 11. e3 {[%emt 0:02:48]} e5 {[%emt 0:06:07]} 12. dxe5 Nxe5 13. Nxe5 {[%emt 0:06:33]} Bxe5 {[%emt 0:00:50]} 14. Rb1 {[%emt 0:00:50]} Bg4 {[%emt 0:07:08]} 15. Bf3 {[%emt 0:03:35]} Qd7 {[%emt 0:05:45]} 16. Bxg4 {[%emt 0:02:24]} Nxg4 {[%emt 0:01:00]} 17. Qf3 {[%emt 0:02:17]} Bc7 {[%emt 0:01:41]} 18. Rbd1 {[%emt 0:01:29]} Ne5 {[%emt 0:01:20]} 19. Qg2 {[%emt 0:01:34]} Qf5 {[%emt 0:02:06]} 20. f4 {[%emt 0:05:17]} Nc4 {[%emt 0:00:56]} 21. Bc1 {[%emt 0:00:36]} Bb6 {[%emt 0:01:38]} 22. Kf2 {[%emt 0:03:52]} Qxc2+ {[%emt 0:01:09]} 23. Ne2 {[%emt 0:05:16]} Bxe3+ {[%emt 0:02:16]} 24. Kf3 {[%emt 0:04:11]} Qe4+ {[%emt 0:00:42]} 0-1

[Event "ESTCC U65 2018"]
[Site "Walbrzych"]
[Date "2018.04.20"]
[Round "7"]
[White "Heikkila, Raine"]
[Black "Alkkiomaki, Jyrki"]
[Result "0-1"]
[WhiteElo "1705"]
[BlackElo "1967"]
[Annotator "NA"]
[PlyCount "86"]
[EventDate "2018.??.??"]
[EventCountry "POL"]
[SourceTitle "playchess.com"]
[Source "ChessBase"]
[SourceQuality "1"]
[WhiteTeam "Finland"]
[BlackTeam "Finland"]
[WhiteTeamCountry "FIN"]
[BlackTeamCountry "FIN"]
[TimeControl "40/5400+30:1800+30"]

1. d4 {[%emt 0:00:00]} d5 {[%emt 0:00:10]} 2. Nc3 {[%emt 0:00:00]} Nf6 {[%emt 0:00:21]} 3. Nf3 {[%emt 0:00:00]} e6 {[%emt 0:00:18]} 4. a3 {[%emt 0:00:12]} c5 {[%emt 0:00:31] D00: 1 d4 d5: Unusual lines} 5. Bg5 {[%emt 0:00:22]} Nc6 {[%emt 0:01:00]} 6. e3 {[%emt 0:00:07]} Be7 {[%emt 0:01:07]} 7. dxc5 {[%emt 0:00:15]} Bxc5 {[%emt 0:00:06]} 8. Bb5 $146 {[%emt 0:00:15]} ({Predecessor:} 8. Bd3 O-O 9. O-O Be7 10. e4 d4 11. Na2 e5 12. Nb4 Nd7 {1-0 (36) Rapport,R (2693)-Radjabov,T (2739) Reykjavik 2015}) 8... Bd7 {[%emt 0:01:15]} 9. O-O {[%emt 0:00:15]} Be7 {[%emt 0:01:16]} 10. Ne2 {[%emt 0:00:16]} a6 {[%emt 0:00:40]} 11. Ba4 {[%emt 0:00:11]} O-O {[%emt 0:00:16]} 12. c3 {[%emt 0:00:13]} Rc8 {[%emt 0:10:02]} 13. Bc2 {[%emt 0:00:17]} Re8 {[%emt 0:07:56]} 14. h3 {[%emt 0:00:54]} Qc7 {[%emt 0:05:10]} 15. Bf4 {[%emt 0:02:00]} e5 {[%emt 0:01:09]} 16. Bg5 {[%emt 0:00:18]} Be6 {[%emt 0:06:09]} 17. Rc1 {[%emt 0:00:41]} Na5 {[%emt 0:04:09]} 18. Bh4 {[%emt 0:05:41]} Nc4 {[%emt 0:01:47]} 19. Rb1 {[%emt 0:00:49]} h6 {[%emt 0:06:38]} 20. Bg3 {[%emt 0:00:11]} Bd6 {[%emt 0:03:15]} 21. Nd2 {[%emt 0:01:18]} b5 {[%emt 0:03:06]} 22. Nxc4 {[%emt 0:01:15]} bxc4 {[%emt 0:02:57]} 23. Bh4 {[%emt 0:00:39]} Be7 {[%emt 0:04:28]} 24. Bg3 {[%emt 0:00:12]} Nd7 {[%emt 0:01:06]} (24... Ne4 $15) 25. Ba4 {[%emt 0:00:16]} Red8 {[%emt 0:00:49]} 26. Nd4 {[%emt 0:00:35]} Nc5 {[%emt 0:02:07]} 27. Nxe6 {[%emt 0:00:25]} Nxe6 $15 {[%emt 0:00:24]} 28. Bc2 {[%emt 0:01:01]} g6 {[%emt 0:05:46]} 29. Qg4 {[%emt 0:03:47]} h5 {[%emt 0:04:00]} 30. Qe2 {[%emt 0:00:26]} Bf6 {[%emt 0:00:18]} 31. Rfd1 {[%emt 0:00:42]} Qc6 {[%emt 0:01:34]} 32. Rd2 {[%emt 0:00:57]} d4 {[%emt 0:00:44]} 33. exd4 {[%emt 0:00:25]} exd4 {[%emt 0:00:16]} 34. Be4 {[%emt 0:00:09]} Qc5 {[%emt 0:00:50]} 35. Bxg6 {[%emt 0:02:11]} dxc3 {[%emt 0:05:41]} 36. Rxd8+ {[%emt 0:00:13]} Nxd8 {[%emt 0:01:59]} 37. Bxh5 {[%emt 0:00:47]} cxb2 {[%emt 0:00:52]} 38. Bg4 {[%emt 0:06:16]} c3 {[%emt 0:02:54]} 39. Qc2 {[%emt 0:01:59]} Rc6 {[%emt 0:01:36]} 40. a4 {[%emt 0:00:00]} Ne6 {[%emt 0:00:50]} 41. Bxe6 {[%emt 0:03:43]} Rxe6 {[%emt 0:00:34]} 42. Kh2 {[%emt 0:00:16]} Qc4 {[%emt 0:01:25]} 43. f4 {[%emt 0:03:29]} Qe4 {[%emt 0:01:10]} 0-1

[Event "ESTCC U65 2018"]
[Site "Walbrzych"]
[Date "2018.04.21"]
[Round "8"]
[White "Balashov, Yuri S"]
[Black "Vucenovic, Dragomir"]
[Result "1/2-1/2"]
[WhiteElo "2421"]
[BlackElo "2248"]
[Annotator "TA"]
[PlyCount "63"]
[EventDate "2018.??.??"]
[EventCountry "POL"]
[SourceTitle "playchess.com"]
[Source "ChessBase"]
[SourceQuality "1"]
[WhiteTeam "Russia"]
[BlackTeam "Switzerland"]
[WhiteTeamCountry "RUS"]
[BlackTeamCountry "SUI"]

{[%evp 16,63,35,32,86,22,17,11,18,30,26,22,24,10,19,18,20,9,15,18,28,16,12,8,16,9,25,27,16,16,16,7,13,11,16,14,13,7,12,18,18,0,31,15,29,10,10,10,10,0]} 1. e4 e5 2. Nf3 Nc6 3. Bb5 a6 4. Ba4 d6 5. O-O Bd7 6. d4 Nf6 7. Bxc6 Bxc6 8. Re1 Be7 9. Nc3 {LiveBook: 44 Games} O-O {C84: Closed Ruy Lopez: Unusual White 6th moves} ({Better is} 9... exd4 $14 10. Nxd4 O-O) 10. Qd3 $146 ({White should try} 10. dxe5 $16 dxe5 11. Qxd8 Raxd8 12. Nxe5) ({Predecessor:} 10. dxe5 dxe5 11. Qxd8 Raxd8 12. Nxe5 Bxe4 13. Nxe4 Nxe4 14. Nd3 f5 15. f3 Bc5+ 16. Nxc5 Nxc5 17. Bg5 {1-0 (25) Shankland,S (2661)-Pfreundt,J (2292) Biel 2016}) 10... Ng4 11. h3 exd4 12. Nxd4 Ne5 13. Qe2 Bf6 14. Be3 Re8 15. Rad1 Ng6 16. f3 Be5 17. Qd2 Bxd4 18. Bxd4 Qd7 19. Qg5 Qe7 20. Qg3 (20. Qxe7 {feels hotter.} Nxe7 21. Ne2 f6 22. c4 Ng6 23. Kf2) 20... Qh4 (20... f6 {is more complex.} 21. h4 Ne5 22. h5 h6 23. Be3 Kh8) 21. Qxh4 Nxh4 22. Ne2 Ng6 23. Ng3 f6 24. b3 b6 25. Nf5 a5 26. c4 Ne7 27. Ne3 Kf7 28. a4 Bb7 29. Kf2 Nc6 30. h4 h5 31. Nd5 Rac8 32. Bc3 {Precision: White = 53%, Black = 54%.} 1/2-1/2

[Event "ESTCC U65 2018"]
[Site "Walbrzych"]
[Date "2018.04.21"]
[Round "8"]
[White "Buchal, Stephan"]
[Black "Koskinen, Veikko"]
[Result "1-0"]
[WhiteElo "2310"]
[BlackElo "2012"]
[Annotator "TA"]
[PlyCount "71"]
[EventDate "2018.??.??"]
[EventCountry "POL"]
[SourceTitle "playchess.com"]
[Source "ChessBase"]
[SourceQuality "1"]
[WhiteTeam "Germany"]
[BlackTeam "Finland"]
[WhiteTeamCountry "GER"]
[BlackTeamCountry "FIN"]

{[%evp 16,71,21,-2,0,0,0,0,0,0,0,0,10,5,0,10,39,37,98,89,121,132,114,109,177,164,162,150,161,161,156,168,262,208,208,214,214,206,208,201,306,308,309,304,370,370,345,342,504,495,672,652,635,626,475,500,699,692]} 1. c4 f5 2. g3 Nf6 3. Bg2 g6 4. Nc3 Bg7 5. d3 O-O 6. e4 fxe4 7. dxe4 d6 8. Nge2 c5 {A10: English Opening: Unusual Replies for Black} 9. e5 {LiveBook: 3 Games} (9. O-O Nc6 10. h3 Be6 11. b3 Qd7 12. Kh2 a6 13. Be3 Ne8 14. Rc1 Nc7 15. Nd5 Rad8 16. f4 {½-½ (44) Howell,D (2693)-L'Ami,E (2623) Reykjavik 2015}) 9... dxe5 $146 ({Predecessor:} 9... Ng4 10. Qd5+ Kh8 11. exd6 exd6 12. O-O Ne5 13. Ne4 Nbc6 14. Qxd6 Bg4 15. Nf4 b6 16. h3 Qe8 17. hxg4 Rd8 18. Qe6 {1-0 (18) Meskovs,N (2524)-Kindermann,S (2502) Germany 2017}) 10. Qxd8 Rxd8 {The position is equal.} 11. Be3 Na6 12. O-O Rb8 13. Rad1 Rxd1 14. Rxd1 Be6 15. b3 b6 16. Nb5 $1 Kf7 (16... Nb4 $14) 17. Nxa7 $16 {[#] And now Nc6 would win.} Ke8 18. Nc6 Rc8 19. Nxe5 {Hoping for Bb7.} Nb8 (19... Nb4 $16) 20. h3 {[%cal Bh2h3,Bh3h4][%mdl 32]} Nfd7 21. Nxd7 Nxd7 22. Nf4 $36 {[%mdl 2048] White is really pushing.} Bf7 23. h4 e5 (23... Ne5 $142 24. Nd5 Bxd5) 24. Bh3 Rd8 25. Nd5 Bxd5 26. Rxd5 Nb8 27. Be6 {[#] Bf7+! is the strong threat.} Nc6 (27... Bf6 $142 28. Rxd8+ Bxd8) 28. Rxd8+ $18 Nxd8 {[%mdl 4096] Endgame KBB-KBN} 29. Bd5 Nf7 30. Bxf7+ Kxf7 {KB-KB} 31. Kg2 Ke6 (31... e4 $142 32. Bf4 Bc3) 32. Kf3 {White is clearly winning.} h6 33. Ke4 Kd6 34. Bd2 Ke6 35. f3 Kd6 36. Bc3 {Precision: White = 79%, Black = 38%.} 1-0

[Event "ESTCC U65 2018"]
[Site "Walbrzych"]
[Date "2018.04.21"]
[Round "8"]
[White "Westerinen, Heikki M J"]
[Black "Hedin, Gunnar"]
[Result "1/2-1/2"]
[WhiteElo "2308"]
[BlackElo "2174"]
[Annotator "TA"]
[PlyCount "80"]
[EventDate "2018.??.??"]
[EventCountry "POL"]
[SourceTitle "playchess.com"]
[Source "ChessBase"]
[SourceQuality "1"]
[WhiteTeam "Finland"]
[BlackTeam "Sweden"]
[WhiteTeamCountry "FIN"]
[BlackTeamCountry "SWE"]

{[%evp 13,80,29,43,79,76,79,98,88,91,82,68,77,82,91,91,88,73,37,41,39,34,0,5,7,12,5,33,0,0,-28,-28,-24,-22,-55,-32,-32,-32,-32,-32,-82,-35,-47,-10,-10,-12,-12,-5,-16,-11,-17,-6,-10,0,0,0,0,0,0,0,0,0,0,0,0,0,0,0,0,0]} 1. e4 e6 2. d4 d5 3. Nd2 c5 4. Ngf3 a6 5. exd5 exd5 6. Be2 Nc6 7. O-O Bd6 {LiveBook: 14 Games} 8. c4 {[%cal Bc2c4,Bc4d5][%mdl 32] C08: French Tarrasch: 3...c5 4 exd5 exd5 sidelines} (8. dxc5 Bxc5 9. Nb3 Bb6 10. c4 Nge7 11. c5 Bc7 12. Bd3 h6 13. h3 O-O 14. Re1 Bf5 15. Nfd4 Be4 {½-½ (55) Mamedov,R (2688)-Nyzhnyk,I (2613) chess.com INT 2017}) 8... Nf6 {[#]} 9. cxd5 $1 Nxd4 $146 ({Predecessor:} 9... Nxd5 10. Bc4 Nb6 11. Re1+ Ne7 12. Ng5 Nxc4 13. Nxc4 cxd4 14. Qh5 Rf8 15. Nxh7 Qc7 16. Nxd6+ Qxd6 17. Nxf8 Kxf8 18. b3 {1-0 (18) Sever,N (2285)-Griesbach,R (2205) ICCF corr 1990}) 10. Nxd4 {White is better.} cxd4 {[#]} 11. Qa4+ $1 Bd7 12. Qxd4 {Strongly threatening Nc4.} O-O 13. Nc4 Bb5 14. a4 Bxc4 15. Bxc4 Re8 {Threatens to win with ...Re4.} 16. Bg5 Be5 17. Qh4 h6 18. Bxf6 Bxf6 19. Qg4 Rc8 {[%cal Ba8c8,Bc8c2,Bc2b2][%mdl 32] White must now prevent ...h5.} 20. Ba2 Rc2 21. Rad1 Rxb2 22. Bb1 Qd6 23. Qg3 Rd8 24. Qxd6 Rxd6 25. Rfe1 {[%cal Re1e8]} g6 26. Be4 Rb4 27. Rb1 Bc3 (27... Rxa4 {seems wilder.} 28. Rxb7 Bc3 29. Bc2 Ra2 30. Bb1 Rd2) 28. Rxb4 {The position is equal.} Bxb4 $11 {[%mdl 4096] Endgame KRB-KRB} 29. Rb1 a5 30. Kf1 b6 31. Ke2 f5 32. Bd3 Kg7 33. Bc4 Kf6 34. Kd3 Rd7 35. Rb2 Bc5 36. Re2 Re7 37. Rxe7 Kxe7 38. f4 Kd6 39. h3 Bg1 40. g4 Bh2 {Precision: White = 62%, Black = 49%.} 1/2-1/2

[Event "ESTCC U65 2018"]
[Site "Walbrzych"]
[Date "2018.04.21"]
[Round "8"]
[White "Pushkov, Nikolai"]
[Black "Kradolfer, Georg"]
[Result "1-0"]
[WhiteElo "2304"]
[BlackElo "2084"]
[Annotator "TA"]
[PlyCount "124"]
[EventDate "2018.??.??"]
[EventCountry "POL"]
[SourceTitle "playchess.com"]
[Source "ChessBase"]
[SourceQuality "1"]
[WhiteTeam "Russia"]
[BlackTeam "Switzerland"]
[WhiteTeamCountry "RUS"]
[BlackTeamCountry "SUI"]

{[%evp 20,124,21,25,35,23,29,29,94,94,120,132,117,89,119,120,120,120,137,114,132,99,98,99,101,106,122,121,132,132,183,143,197,189,197,190,313,317,298,301,360,189,195,191,235,245,245,234,238,247,242,242,297,160,180,118,254,256,264,258,526,463,652,870,887,727,891,478,883,869,948,910,908,873,838,804,723,631,1386,1386,1386,1386,1375,579,1375,1308,1312,1289,1221,1135,1078,1102,983,943,5776,5765,2876,2876,29949,12363,1145,8,8,0,0,0,0]} 1. d4 d5 2. c4 c6 3. Nf3 Nf6 4. e3 e6 5. Bd3 Be7 6. Nbd2 Nbd7 7. O-O O-O 8. b3 c5 9. Bb2 b6 10. Qe2 Bb7 11. Rfd1 {LiveBook: 28 Games} Re8 {D30: Queen's Gambit Declined: Systems without Nc3} (11... Rc8 12. Rac1 cxd4 13. Nxd4 Nc5 14. Bb1 Qd7 15. N4f3 Rfd8 16. e4 dxc4 17. Nxc4 Qc7 18. Rxd8+ Rxd8 19. Nce5 Qd6 20. Ng5 {½-½ (105) Mikhalevski,V (2538)-Akobian,V (2647) Caleta 2018}) 12. Ne5 Bf8 $146 ({Predecessor:} 12... Ne4 13. Bxe4 dxe4 14. dxc5 Bxc5 15. Nf1 Re7 16. Qd2 Qc7 17. Nxd7 Rd8 18. Nf6+ {1-0 (18) Hobber,A (2322)-Kvam,A (1975) Sandefjord 2017}) 13. f4 Nxe5 (13... cxd4 $11 14. exd4 g6) 14. dxe5 $16 dxc4 15. bxc4 Nd7 16. Nf3 {Threatens to win with Bxh7+!} Bxf3 17. Qxf3 Qc7 18. a4 Rad8 19. a5 g6 20. axb6 Nxb6 21. Ra3 Re7 22. Rda1 Red7 23. Be2 (23. Rxa7 Qxa7 24. Rxa7 Rxa7 $17) 23... Qb8 {and if ...Nxc4 works, Black does fine.} 24. Bc3 Qa8 (24... Be7 $16 25. Qe4 Rc7) 25. Kf2 Rb8 (25... Qxf3+ $16 26. Kxf3 (26. gxf3 Nc8 $16) 26... Nc8) 26. Qxa8 $18 Rxa8 27. Ra6 Nc8 (27... Rb8 {was called for.} 28. Rxa7 Rxa7 29. Rxa7 h5) 28. Rb1 $1 Ne7 29. Ba5 Rc8 30. Bf3 (30. Rd6 $142 Rdc7 31. Bf3) 30... Rd3 31. Rb7 Nf5 32. Be4 $1 {[%cal Re4d3]} (32. Rbxa7 Nxe3 33. Be2 Ra3 $14) 32... Ra3 33. Bxf5 $1 (33. Raxa7 Nxe3 34. Be1 (34. Rxf7 Ng4+ 35. Kf1 Rxa5 $17) 34... Rxa7 $11) 33... gxf5 34. Raxa7 Ra4 35. Rxf7 Rxc4 36. Rfd7 (36. Rxh7 $18 Ra4 37. Bc3) 36... Rb8 37. Rd2 ({But not} 37. Rxh7 $6 Rc2+ 38. Kf3 Rbb2 $16) (37. Rd8 $18 Rcb4 38. Kf3 (38. Bxb4 Rxd8 39. Be1 Rc8 $18)) 37... Rc1 (37... Ra4 $16 38. Bc7 Rb2 39. Rxa4 (39. Rxb2 Rxa7 40. Bb8 Ra6 $16) 39... Rxd2+ 40. Kf3 h5) 38. Bc7 Rc8 {Now ...c4 and Black clings on.} 39. Bd6 c4 $2 (39... Rd8 {is a better defense.} 40. Rc7 h6) 40. Bxf8 c3 (40... Rxf8 $142 41. Rdd7 Rc8 42. Rg7+ Kh8 43. Rxh7+ Kg8 44. Rag7+ Kf8) 41. Rdd7 {Intending Bd6 and mate.} Kxf8 42. Rxh7 {[%cal Rh7h8][%mdl 4096] Endgame KRR-KRR} Kg8 43. Rag7+ Kf8 44. Rc7 Rxc7 45. Rxc7 {KR-KR} c2 46. h4 {[%cal Bh2h4,Bh4h5][%mdl 32]} Ke8 47. h5 Kd8 48. Rc5 Kd7 49. h6 Rh1 50. Rxc2 Rxh6 {[#]} 51. e4 $1 fxe4 52. Ke3 Rg6 53. Kxe4 Rg3 54. Rd2+ Ke7 55. Ra2 Ke8 56. Kd4 Ke7 57. Ra7+ Kf8 {[#]} 58. Kc5 $1 {[%cal Rc5d6]} Rxg2 {[#]} 59. Kd6 $1 {[%cal Rd6e6]} Rg4 60. f5 $2 ({White must play} 60. Kxe6 $18 {Strongly threatening f5.} Rxf4 61. Ra8+ Kg7 62. Ke7) 60... exf5 $11 {The position is equal.} 61. e6 Rd4+ 62. Ke5 Rh4 $1 {[%mdl 32768] Precision: White = 67%, Black = 38%. . Loss on Time!?} 1-0